Insights into openness; (Record no. 860)

MARC details
000 -LEADER
fixed length control field 00634cam a2200241Ka 4500
001 - CONTROL NUMBER
control field 510251
003 - CONTROL NUMBER IDENTIFIER
control field OSt
005 - DATE AND TIME OF LATEST TRANSACTION
control field 20180827111951.0
008 - FIXED-LENGTH DATA ELEMENTS--GENERAL INFORMATION
fixed length control field 010201s2000 xx 000 0 eng d
020 ## - INTERNATIONAL STANDARD BOOK NUMBER
International Standard Book Number 8190084984
035 ## - SYSTEM CONTROL NUMBER
System control number (OCoLC)ocm45827324
035 ## - SYSTEM CONTROL NUMBER
System control number (OCoLC)ocm45827324
040 ## - CATALOGING SOURCE
Original cataloging agency EAS
Transcribing agency EAS
049 ## - LOCAL HOLDINGS (OCLC)
Holding library PTSS
082 ## - DEWEY DECIMAL CLASSIFICATION NUMBER
Classification number 266
Item number A266I
090 ## - LOCALLY ASSIGNED LC-TYPE CALL NUMBER (OCLC); LOCAL CALL NUMBER (RLIN)
Classification number (OCLC) (R) ; Classification number, CALL (RLIN) (NR) BV3265.2
Local cutter number (OCLC) ; Book number/undivided call number, CALL (RLIN) .A55 2000
100 1# - MAIN ENTRY--PERSONAL NAME
Personal name Aghamkar, Atul Y.
245 10 - TITLE STATEMENT
Title Insights into openness;
Remainder of title encouraging urban mission /
Statement of responsibility, etc. Atul Y. Aghamkar.
260 ## - PUBLICATION, DISTRIBUTION, ETC.
Place of publication, distribution, etc. Bangolre, India :
Name of publisher, distributor, etc. SAIACS Press,
300 ## - PHYSICAL DESCRIPTION
Extent viii, 176 p. ;
650 #0 - SUBJECT ADDED ENTRY--TOPICAL TERM
Topical term or geographic name entry element Missions
Geographic subdivision India.
942 ## - ADDED ENTRY ELEMENTS (KOHA)
Source of classification or shelving scheme Dewey Decimal Classification
Koha item type Books
Holdings
Withdrawn status Lost status Source of classification or shelving scheme Damaged status Not for loan Collection code Home library Current library Shelving location Date acquired Cost, normal purchase price Total Checkouts Full call number Barcode Date last seen Price effective from Koha item type
    Dewey Decimal Classification     Non-fiction Harvest Mission College Harvest Mission College General Stacks 27.08.2018 100.00   266 A266I 002920 27.08.2018 27.08.2018 Books

OPAC Designed and Maintained by HMC Library Team.
Copyright © HMC Library,Greater Noida, UP.
For any Suggestions/Query Contact library via Email:libhmc@gmail.com